| 000 | 00861nam a2200253Ia 4500 | ||
|---|---|---|---|
| 003 | OSt | ||
| 005 | 20221005112906.0 | ||
| 006 | a|||||r|||| 00| 0 | ||
| 007 | ta | ||
| 008 | 221004b |||||||| |||| 00| 0 pan d | ||
| 020 |
_a9788126048793 (pbk) _c75 |
||
| 024 | _a26564 | ||
| 037 |
_b1003, 31/12/2015, H.K. Prakashan _cTextual |
||
| 040 |
_aCRL _cCRL _bpan |
||
| 041 |
_2pan _apan |
||
| 082 | _aO153,3x, Q5 | ||
| 100 | _aਬਿਉਮੈਨ, ਨੈਡ | ||
| 245 | 0 | _aਚੌਣਵੀਆਂ ਬਰਤਾਨਵੀ ਕਹਾਣੀਆਂ | |
| 260 |
_aਦਿੱਲੀ _bਸਾਹਿਤ ਅਕਾਦੇਮੀ ਭਾਰਤ _c2015 |
||
| 300 |
_a119ਪੰ _ccm. |
||
| 650 | _aਪੰਜਾਬੀ ਸਾਹਿਤ | ||
| 942 |
_hO153,3x, Q5 _cTEXL _2cc |
||
| 999 |
_c1026339 _d1026339 |
||